00328nam a2200133Ia 4500008004100000020001500041041000800056082001800064100001400082245003200096260004400128300000800172365001400180140306s9999 xx 000 0 und d a8120328612 aeng a155.2bGAN/IN aGanesh, M aIntroduction to Fuzzy Logic aNew DelhibPrentice Hall of Indiac2006 a238 bRs. 195/-